01170nas a2200301 4500001001300000003000900013005001700022007000300039008003400042040005400076041000900130072000800139100001300147100001600160100001900176100001300195245010100208246010100309650002000410650002000430650001200450773010100462856007300563909004000636942001800676999001900694952015500713BR2012000549BR-BrBNA20231205120027.0ta230509b bl.|||p| |||| 00| 00por d aBR-BrBNAbporcBiblioteca Nacional de Agricultura a(En) aF631 aBoff, S.1 aLuz, C.F.P.1 aAraújo, A.C.1 aPott, A.1 aPollen analysis reveals plants foraged by africanized honeybees in the southern Pantanal, Brazil1 aPollen analysis reveals plants foraged by africanized honeybees in the southern Pantanal, Brazil aABELHA AFRICANA aPOLINIZAÇÃO aPÓLEN0 tNeotropical Entomology (Brazil)xISSN 1519-566Xg(Jan-Feb 2011), v. 40(1) p. 47-54wBR20120005494 uhttp://www.scielo.br/pdf/ne/v40n1/07.pdfyRecurso eletrônico (PDF) a202311bLúciac55dLúcia Elande 2AGRISn0cANA c216732d216732 002AGRIS4071a41918b41918cPeriódicos Agrícolash(Jan-Feb 2011), v. 40(1) p. 47-54l0r2023-11-29t01yCRePortaria Interministerial nº 164/94